000 00342nam a2200133Ia 4500
008 230711s9999||||xx |||||||||||||| ||und||
041 _aENG
082 _a624
_bBU-I
100 _aBureau of Indian Standard
245 0 _aIS : Gr 9 Pt I 1980
260 _c1980
_aNew Delhi
_bBureau of Indian Standard
650 _aCivil Engineering
942 _cBK
999 _c3986
_d3986